The New English Bible with the Apocrypha/ (Record no. 39390)

MARC details
000 -LEADER
fixed length control field 00463nam a22001217a 4500
008 - FIXED-LENGTH DATA ELEMENTS--GENERAL INFORMATION
fixed length control field 110927t xxu||||| |||| 00| 0 eng d
050 ## - LIBRARY OF CONGRESS CALL NUMBER
Classification number BS192
Item number .N49 1970
245 ## - TITLE STATEMENT
Title The New English Bible with the Apocrypha/
260 ## - PUBLICATION, DISTRIBUTION, ETC. (IMPRINT)
Place of publication, distribution, etc London,
Name of publisher, distributor, etc Oxford U.P.,
Date of publication, distribution, etc 1970.
300 ## - PHYSICAL DESCRIPTION
Extent xxi, 336 p.
Dimensions 21 cm.
942 ## - ADDED ENTRY ELEMENTS (KOHA)
Source of classification or shelving scheme Library of Congress Classification
Item type Book
Holdings
Withdrawn status Lost status Source of classification or shelving scheme Damaged status Not for loan Collection code Home library Current library Shelving location Date acquired Total Checkouts Full call number Barcode Copy number Price effective from Koha item type
    Library of Congress Classification   Not For Loan Reference Bishop Okullu Memorial Library (Limuru Campus) Bishop Okullu Memorial Library (Limuru Campus) Reference 27/09/2011   REF BS192 .N49 1970 028266 1 27/09/2011 Reference